I.R.P.F. tributacin̤ de los bienes afectos /

Bibliographic Details
Main Author: Galapero Flores, Rosa Mara̕
Format: Unknown
Language:Spanish
Published: [Madrid] : Editoriales de Derecho Reunidas, 2006
Subjects:
Online Access:Acceso restringido

MARC

LEADER 00000ny a22000003n 4500
005 20110620134431.0
008 020913s2006 sp | ||| ||spa
016 7 |a bimoBNE20020640718  |2 SpMaBN 
020 |a 9788484940432 
035 |a 1312 
040 |a SpMaBN  |c SpMaBN  |d vLex 
080 |a 336.226.11(460):336.225.613 
090 |c 879  |d 879 
100 1 |a Galapero Flores, Rosa Mara̕ 
245 1 0 |a I.R.P.F.  |h [Recurso electrn̤ico]  |b tributacin̤ de los bienes afectos /  |c Rosa M® Galapero Flores 
256 |a Servicio en ln̕ea 
260 |a [Madrid] :  |b Editoriales de Derecho Reunidas,  |c 2006 
300 |a p. :  |c cm 
506 1 |a Contenido solo disponible en los productos indicados  |d vLex Global  |d vLex Global (Academic Edition, excluding Law Schools)  |d vLex Global (U.S. Academic Edition, Law Schools)  |d vLex Global (U.S. Academic Edition, excluding Law Schools)  |d vLex Global (Academic Edition, Law Schools) 
650 0 7 |2 Tesauro vLex  |a Tributario 
650 0 7 |2 Tesauro vLex  |a Impuesto sobre la renta de las personas 
650 0 7 |2 Tesauro vLex  |a Irpf 
650 0 7 |2 Tesauro vLex  |a Impuestos 
740 0 |a vLex Libros (Servicios en ln̕ea) 
856 4 0 |z Acceso restringido  |u http://vlex.com/source/1312 
942 |c BOOK 
999 0 |a Taxation  |b Madrid